000
00306nam a22001337a 4500
008
181017b xxu||||| |||| 00| 0 eng d
020
_a
9781561483761
041
_a
eng
080
_a
341
100
_a
16
101
_a
JUR
245
_a
The Title Bookk Restorative Justice
_c
Zehr.H
942
_2
udc
_c
BK
999
_c
50052
_d
50052